[Event "GER-ch U18 Girls"]
[Site "Oberhof"]
[Date "2011.06.12"]
[Round "1"]
[White "Bauersfeld, Jasmin"]
[Black "Evers, Annika"]
[Result "1/2-1/2"]
[WhiteElo "1182"]
[BlackElo "1675"]
[PlyCount "128"]
[EventDate "2011.06.11"]
[EventType "swiss"]
[EventRounds "9"]
[EventCountry "GER"]
[SourceTitle "CBM 142 Extra"]
[Source "ChessBase"]
[SourceDate "2011.06.27"]
[SourceVersion "1"]
[SourceVersionDate "2011.06.27"]
[SourceQuality "1"]

1. e4 c5 2. c4 Nc6 3. Ne2 g6 4. g3 Bg7 5. Bg2 e6 6. Nbc3 Nge7 7. d3 a6 8. 0-0 Rb8 9. Rb1 b5 10. a3 0-0 11. b4 cxb4 12. axb4 bxc4 13. dxc4 Rxb4 14. Rxb4 Nxb4 15. Ba3 Nbc6 16. Qd3 Ne5 17. Qc2 Nxc4 18. Bc5 d6 19. Rd1 Qc7 20. Bb4 a5 21. Nb5 Qb6 22. Qxc4 axb4 23. Qxb4 Ba6 24. Rb1 Rb8 25. Nec3 Rc8 26. Na4 Qb8 27. Bf1 Bxb5 28. Qxb5 Qxb5 29. Rxb5 Bd4 30. Nb2 Rc2 31. Nd3 Nc6 32. Rb7 Ne5 33. Rb8+ Kg7 34. Nxe5 dxe5 35. Rb1 Rxf2 36. Kh1 Rb2 37. Rd1 Ra2 38. Bb5 Ra1 39. Rxa1 Bxa1 40. Kg2 f5 41. Kf3 Kf6 42. h3 Bd4 43. Bd3 Ke7 44. Ke2 Kf7 45. Kf3 Kf6 46. Bc2 Kg5 47. Bb1 h5 48. h4+ Kf6 49. Bc2 g5 50. hxg5+ Kxg5 51. Bb1 Bc3 52. Bc2 f4 53. gxf4+ exf4 54. Kg2 e5 55. Kh3 Be1 56. Bd1 h4 57. Bf3 Kf6 58. Bg2 Ke6 59. Bf3 Kd6 60. Bg2 Kc5 61. Kg4 Kd6 62. Kf3 Ke7 63. Bh3 Kf6 64. Bg2 Ke7 1/2-1/2